Reklama na potraviny aneb není tvrzení jako tvrzení

Zavedenie nariadenia Európskeho parlamentu a Rady (ES) č.1924/2006 o výživových a zdravotných údajoch na obaloch potravín. Charakteristika výživových a zdravotných údajov na potravinárskom výrobku. Aké údaje - tvrdenia uvádzané na potravinárskych výrobkoch nie sú dovolené. Termíny, do kedy je potreb...

Full description

Saved in:
Bibliographic Details
Main Author: Augustín, Lubomír
Format: Book Chapter
Language:Czech
Subjects:
Tags: Add Tag
No Tags, Be the first to tag this record!

MARC

LEADER 00000naa$a2200000$$$4500
001 0054356
005 20231016105828.0
041 0 |a cze 
044 |a CZ 
245 1 0 |a Reklama na potraviny aneb není tvrzení jako tvrzení  |c Lubomír Augustín 
520 |a Zavedenie nariadenia Európskeho parlamentu a Rady (ES) č.1924/2006 o výživových a zdravotných údajoch na obaloch potravín. Charakteristika výživových a zdravotných údajov na potravinárskom výrobku. Aké údaje - tvrdenia uvádzané na potravinárskych výrobkoch nie sú dovolené. Termíny, do kedy je potrebné splniť požiadavky uvedeného nariadenia. 
610 2 0 |a potraviny 
610 2 0 |a reklama 
610 2 0 |a obaly 
610 2 0 |a informácie 
610 2 0 |a výživa 
610 2 0 |a zdravie 
610 2 0 |a legislatíva 
610 2 0 |a Európska únia 
100 1 |a Augustín, Lubomír